00478nam a2200157Ia 4500100001800000650001200018942000700030366000900037245002400046260002500070082002000095300000800115546001200123999001700135952016800152 aPaulo Coelho  aFiction cBK f17.5 aWitch of Portobello bHarper collinsc2007 a808.83/PAUbPAU a323 aENGLISH c35644d35644 001040708CRCaCRCEbCRCEd2023-03-17eEducational books and periodicalsg243.38i258 dt 27/04/2009l0o808.83/PAU PAUp19602r2023-03-17v295.00w0000-00-00yBK